00483nam a22001577a 4500003000900000008004100009040007100050082001700121100002200138245002700160260004100187300002900228650002200257650001900279650002700298AR-CdUCM190327b ||||| |||| 00| 0 spa d aMUNICIPALIDAD PROVINCIAL DEL CUSCOcBIBLIOTECA MUNICIPAL DEL CUSCO a865.3 /bP45 aEfrain Perez, Max aTripulacion del Alba / aBolivia :bEditora Universo ,c1969. a52 páginas ;c18.7 cm. aPoesia Cusqueña aPoesia Peruana aPoesia Latinoamericana